| 000 | 00971nam a2200217 u 4500 | ||
|---|---|---|---|
| 001 | 000334751 | ||
| 003 | AM-YeHGA | ||
| 005 | 20250618072107.0 | ||
| 008 | 040514s1985 ||||||||||||||||| ||rus d | ||
| 040 | _aAM-YeHGA | ||
| 041 | 1 |
_arus _harm |
|
| 100 | 1 |
_aՊետրոսյան, Վարդգես Համազասպի, _d1932-1994 _91431 |
|
| 245 | 1 | 0 |
_aПолуночная беседа : _bРассказы : Пер. с армянского / _cВардгес Петросян; Пер. А.К. Тер-Акопян и др.; Предисл. А. Григоряна. |
| 260 |
_aЕреван : _bСоветакан грох, _c1985. |
||
| 300 |
_a160 с. ; _c17 см. |
||
| 650 | 1 | 4 |
_aАрмянская литература _xРассказ |
| 700 | 1 |
_aՏեր-Հակոբյան, Ալլա Կոնստանտինի, _d1940- _eпер. _4trl _92829 |
|
| 700 | 1 |
_aԳրիգորյան, Արամ Պարույրի, _d1930-2022 _eпредисл. _4aui _91641 |
|
| 942 |
_2udc _cBK |
||
| 090 | _c127321 | ||
| 999 |
_c125963 _d125963 |
||